000 00246nam a2200097Ia 4500
001 1215119
005 20250827024545.0
008 250824s9999 xx 000 0 und d
245 0 _aUÇURTMA AVCISI
_cKHALED HOSSEİNİ
260 _bEVEREST YAYINLARI
999 _c1215119
_d1215119